Normal view
MARC view
Entry Personal Name
001 - CONTROL NUMBER
- control field: 165336
003 - CONTROL NUMBER IDENTIFIER
- control field: OSt
005 - DATE AND TIME OF LATEST TRANSACTION
- control field: 20220923221310.0
008 - FIXED-LENGTH DATA ELEMENTS
- fixed length control field: 220923|| aca||aabn | a|a d
040 ## - CATALOGING SOURCE
- Original cataloging agency: OSt
- Transcribing agency: OSt
100 ## - HEADING--PERSONAL NAME
- Personal name: मिश्र, भगीरथ; जोगलेकर, न0 चि0, संपा
670 ## - SOURCE DATA FOUND
- Source citation: Work cat.: (OSt)348639: मिश्र, भगीरथ; जोगलेकर, न0 चि0, संपा., देवनागरी लिपि स्वरूप, विकास और समस्याएं, 1962
